<?xml version="1.0" encoding="UTF-8"?>
<record
    xmlns:xsi="http://www.w3.org/2001/XMLSchema-instance"
    xsi:schemaLocation="http://www.loc.gov/MARC21/slim http://www.loc.gov/standards/marcxml/schema/MARC21slim.xsd"
    xmlns="http://www.loc.gov/MARC21/slim">

  <leader>01027cas a2200277Ka 4500</leader>
  <controlfield tag="001">2746935</controlfield>
  <controlfield tag="005">20200421093818.0</controlfield>
  <controlfield tag="008">941101c19819999stkwr ne      0    0eng d</controlfield>
  <datafield tag="022" ind1=" " ind2=" ">
    <subfield code="a">0961-3803</subfield>
  </datafield>
  <datafield tag="043" ind1=" " ind2=" ">
    <subfield code="a">e-uk-st</subfield>
  </datafield>
  <datafield tag="130" ind1=" " ind2="0">
    <subfield code="a">Blairgowrie advertiser (Perth, Scotland)</subfield>
    <subfield code="9">528</subfield>
  </datafield>
  <datafield tag="245" ind1="0" ind2="0">
    <subfield code="a">Blairgowrie advertiser.</subfield>
  </datafield>
  <datafield tag="260" ind1=" " ind2=" ">
    <subfield code="a">Perth :</subfield>
    <subfield code="b">Scottish &amp; Universal Newspapers Ltd.,</subfield>
    <subfield code="c">1981-</subfield>
  </datafield>
  <datafield tag="300" ind1=" " ind2=" ">
    <subfield code="a">v. :</subfield>
    <subfield code="b">ill. ;</subfield>
    <subfield code="c">44 cm.</subfield>
  </datafield>
  <datafield tag="310" ind1=" " ind2=" ">
    <subfield code="a">Weekly</subfield>
  </datafield>
  <datafield tag="362" ind1="0" ind2=" ">
    <subfield code="a">Feb. 5, 1981-</subfield>
  </datafield>
  <datafield tag="530" ind1=" " ind2=" ">
    <subfield code="a">4 Jan. 1996-</subfield>
    <subfield code="a">Also available on microfilm.</subfield>
    <subfield code="b">Edinburgh, Scotland : Scottish Newspaper Microfilming Unit.</subfield>
  </datafield>
  <datafield tag="651" ind1=" " ind2="0">
    <subfield code="a">Blairgowrie (Scotland)</subfield>
    <subfield code="x">Newspapers.</subfield>
    <subfield code="9">529</subfield>
  </datafield>
  <datafield tag="651" ind1=" " ind2="0">
    <subfield code="a">Angus (Scotland)</subfield>
    <subfield code="x">Newspapers.</subfield>
    <subfield code="9">530</subfield>
  </datafield>
  <datafield tag="651" ind1=" " ind2="0">
    <subfield code="a">Perthshire (Scotland)</subfield>
    <subfield code="x">Newspapers.</subfield>
    <subfield code="9">531</subfield>
  </datafield>
  <datafield tag="710" ind1="2" ind2=" ">
    <subfield code="a">Scottish Newspapers Microfilming Unit.</subfield>
    <subfield code="5">NLS</subfield>
    <subfield code="9">532</subfield>
  </datafield>
  <datafield tag="780" ind1="0" ind2="0">
    <subfield code="t">Blairgowrie advertiser, East Perthshire gazette &amp; guardian</subfield>
  </datafield>
  <datafield tag="856" ind1="4" ind2="2">
    <subfield code="u">http://www.blairgowrieadvertiser.co.uk/</subfield>
    <subfield code="z">Blairgowrie advertiser - Online access</subfield>
  </datafield>
  <datafield tag="942" ind1=" " ind2=" ">
    <subfield code="2">ddc</subfield>
    <subfield code="c">CR</subfield>
  </datafield>
  <datafield tag="956" ind1=" " ind2=" ">
    <subfield code="a">NLS</subfield>
  </datafield>
  <datafield tag="999" ind1=" " ind2=" ">
    <subfield code="c">63</subfield>
    <subfield code="d">63</subfield>
  </datafield>
</record>
